<?xml version="1.0" encoding="UTF-8"?>
<record
    xmlns:xsi="http://www.w3.org/2001/XMLSchema-instance"
    xsi:schemaLocation="http://www.loc.gov/MARC21/slim http://www.loc.gov/standards/marcxml/schema/MARC21slim.xsd"
    xmlns="http://www.loc.gov/MARC21/slim">

  <leader>01586nam a2200277Ia 4500</leader>
  <datafield tag="952" ind1=" " ind2=" ">
    <subfield code="0">0</subfield>
    <subfield code="1">0</subfield>
    <subfield code="4">0</subfield>
    <subfield code="7">0</subfield>
    <subfield code="a">12</subfield>
    <subfield code="b">12</subfield>
    <subfield code="d">2018-04-11</subfield>
    <subfield code="l">2</subfield>
    <subfield code="o">QA303 V3718 2007</subfield>
    <subfield code="p">12 004371</subfield>
    <subfield code="r">2025-03-11</subfield>
    <subfield code="s">2025-03-11</subfield>
    <subfield code="t">1</subfield>
    <subfield code="w">2018-04-11</subfield>
    <subfield code="y">LB</subfield>
  </datafield>
  <datafield tag="952" ind1=" " ind2=" ">
    <subfield code="0">0</subfield>
    <subfield code="1">0</subfield>
    <subfield code="2">lcc</subfield>
    <subfield code="4">0</subfield>
    <subfield code="7">0</subfield>
    <subfield code="a">20</subfield>
    <subfield code="b">20</subfield>
    <subfield code="d">2018-08-11</subfield>
    <subfield code="l">0</subfield>
    <subfield code="o">QA303 C35 2007</subfield>
    <subfield code="p">20 001338</subfield>
    <subfield code="r">2018-08-11</subfield>
    <subfield code="t">1</subfield>
    <subfield code="w">2018-08-11</subfield>
    <subfield code="y">LB</subfield>
  </datafield>
  <datafield tag="999" ind1=" " ind2=" ">
    <subfield code="c">73769</subfield>
    <subfield code="d">73769</subfield>
  </datafield>
  <controlfield tag="005">20231102151125.0</controlfield>
  <controlfield tag="008">180411s    2007mx a|||| |||| 00| 0 spa d</controlfield>
  <datafield tag="020" ind1=" " ind2=" ">
    <subfield code="a">9789702609193</subfield>
  </datafield>
  <datafield tag="050" ind1=" " ind2=" ">
    <subfield code="a">QA303</subfield>
    <subfield code="b">C35 2007</subfield>
  </datafield>
  <datafield tag="100" ind1=" " ind2=" ">
    <subfield code="a">Purcell, Edwin J. (Edwin Joseph)</subfield>
    <subfield code="e">autor</subfield>
  </datafield>
  <datafield tag="245" ind1=" " ind2=" ">
    <subfield code="a">C&#xE1;lculo</subfield>
    <subfield code="c"> / Edwin J. Purcell, Dale Varberg, Steven E. Rigdon</subfield>
  </datafield>
  <datafield tag="250" ind1=" " ind2=" ">
    <subfield code="a">9a edici&#xF3;n</subfield>
  </datafield>
  <datafield tag="260" ind1=" " ind2=" ">
    <subfield code="a">M&#xE9;xico</subfield>
    <subfield code="b"> : Pearson Educaci&#xF3;n</subfield>
    <subfield code="c"> , 2007</subfield>
  </datafield>
  <datafield tag="300" ind1=" " ind2=" ">
    <subfield code="a">xv, 774 p&#xE1;ginas</subfield>
  </datafield>
  <datafield tag="500" ind1=" " ind2=" ">
    <subfield code="a">Traducci&#xF3;n de: Calculus. 9th. ed. \ Contiene Ap&#xE9;ndices e &#xED;ndice anal&#xED;tico</subfield>
  </datafield>
  <datafield tag="500" ind1=" " ind2=" ">
    <subfield code="a">Incluye:
Dedicatoria
Agradecimientos
Tabla de contenido
Prefacio
Ap&#xE9;ndice
Respuestas a problemas con n&#xFA;meros impar
&#xCD;ndice anal&#xED;tico
Cr&#xE9;ditos de fotograf&#xED;as</subfield>
  </datafield>
  <datafield tag="505" ind1=" " ind2=" ">
    <subfield code="a">Preliminares
L&#xED;mites
La derivada
Aplicaciones de la derivada
La integral definida
Aplicaciones de la integral
Funciones trascendentales
T&#xE9;cnicas de integraci&#xF3;n
Formas indeterminadas e integrales impropias
Series infinitas
C&#xF3;nicas y coordenadas polares
Geometr&#xED;a en el espacio y vectores
Derivadas para funciones de dos o m&#xE1;s variables
Integrales m&#xFA;ltiples
C&#xE1;lculo vectorial</subfield>
  </datafield>
  <datafield tag="519" ind1=" " ind2=" ">
    <subfield code="a">Plan Fexible / </subfield>
    <subfield code="b">Tecnolog&#xED;as de la Informac&#xF3;n / </subfield>
    <subfield code="c">C&#xE1;lculo integral (B09-2) / </subfield>
    <subfield code="d">(12 004371)</subfield>
  </datafield>
  <datafield tag="519" ind1=" " ind2=" ">
    <subfield code="a">Plan Flexible / </subfield>
    <subfield code="b">Tecnolog&#xED;as de la informaci&#xF3;n / </subfield>
    <subfield code="c">C&#xE1;lculo integral (B09) / </subfield>
    <subfield code="d">(20 001338)</subfield>
  </datafield>
  <datafield tag="650" ind1=" " ind2=" ">
    <subfield code="a">C&#xC1;LCULO</subfield>
    <subfield code="x">TEOR&#xCD;A - ENSE&#xD1;ANZA</subfield>
  </datafield>
  <datafield tag="650" ind1=" " ind2="0">
    <subfield code="a">C&#xC1;LCULO</subfield>
    <subfield code="x">EJERCICIOS</subfield>
  </datafield>
  <datafield tag="700" ind1=" " ind2=" ">
    <subfield code="a">Varberg, Dale E.</subfield>
    <subfield code="e">autor</subfield>
  </datafield>
  <datafield tag="700" ind1=" " ind2=" ">
    <subfield code="a">Rigdon, Steven E</subfield>
    <subfield code="e">autor</subfield>
  </datafield>
  <datafield tag="700" ind1=" " ind2=" ">
    <subfield code="a">Ibarra Mercado,  V&#xED;ctor Hugo,</subfield>
    <subfield code="e">traductor</subfield>
  </datafield>
  <datafield tag="942" ind1=" " ind2=" ">
    <subfield code="c">LB</subfield>
    <subfield code="2">lcc</subfield>
  </datafield>
</record>
